Oblomov /
Đã lưu trong:
| Príomhúdar: | |
|---|---|
| Formáid: | Sách giấy |
| Teanga: | English |
| Foilsithe: |
United Kingdom :
Everyman's Library,
1992.
|
| Ábhair: | |
| Clibeanna: |
Cuir Clib Leis
Gan Chlibeanna, Bí ar an gcéad duine leis an taifead seo a chlibeáil!
|
| Thư viện lưu trữ: | Thư viện Trường Đại học Đà Lạt |
|---|
| LEADER | 00689nam a2200301 4500 | ||
|---|---|---|---|
| 001 | DLU110119618 | ||
| 005 | ##20110413 | ||
| 040 | # | # | |a DLU |b vie |
| 041 | # | # | |a eng |
| 044 | # | # | |a vn |
| 082 | # | # | |a 891.73 |b GO-I |
| 100 | # | # | |a Goncharov, Ivan. |
| 245 | # | # | |a Oblomov / |c Ivan Goncharov. |
| 260 | # | # | |a United Kingdom : |b Everyman's Library, |c 1992. |
| 300 | # | # | |a xxxvii, 586 tr. ; |c 22 cm. |
| 653 | # | # | |a Russian fiction |
| 653 | # | # | |a Russian literature |
| 923 | # | # | |a 01/2011NN |
| 991 | # | # | |a GT |
| 992 | # | # | |a 0 |
| 994 | # | # | |a KNN |
| 900 | # | # | |a True |
| 911 | # | # | |a Đào Thị Thu Huyền |
| 925 | # | # | |a G |
| 926 | # | # | |a A |
| 927 | # | # | |a SH |
| 980 | # | # | |a Thư viện Trường Đại học Đà Lạt |